000 00858cam a2200241 4500
008 090401t1998 xxu||||| |||| 00| 0 eng d
020 _a0750636068
035 _a(Sirsi) u84392
041 _aeng
050 _a690.0285
100 _aHoward, Rob
245 _aComputing in construction : pioneers and the future.
260 _aOxford
_bButterworth-Heinemann
_c1998
300 _ax,138p. : ill. ; 24cm.
350 _a19.99
520 _aUsing analysis of past and current trends, this work aims to provide a possible indication for the future direction of information technology in the construction industry.
650 _aCOMPUTING
650 _aCONSTRUCTION INDUSTRY
650 _aMANAGEMENT-BUSINESS MANAGEMENT-INFORMATION MANAGEMENT
690 _aMANAGEMENT-BUSINESS MANAGEMENT-INFORMATION MANAGEMENT
942 _n0
948 _c20/02/1998
999 _c96935
_d96935